Statystyki dla Wiedza Ogólna #1 -50 Pytań

Kliknij tutaj aby rozwiązać quiz!

Ogólne statystyki

  • Ten quiz został rozwiązany 33 371 razy
    (33 370 od ostatniego zresetowania)
  • Średni wynik to 23 z 50

Statystyki odpowiedzi

LpPytanieOdpowiedź% Poprawnych
1Jaką nazwę nosi piąta planeta od Słońca?Jowisz
93%
7a^2+b^2=c^ to tak zwane twierdzenie....Twierdzenie Pitagorasa
90%
17Na ile województw jest obecnie podzielona Polska?16
82%
5Na ile stanów dzieli się USA?50
78%
23Dyktatorem jakiego kraju jest Kim Dzong Un?Korea Północna
78%
2Jaka nazwę nosi największa wyspa na Ziemi?Grenlandia
75%
12Jaką wartość w przybliżeniu (podaj do drugiego miejsca po przecinku) ma liczba Pi?3,14
74%
3Jak nazywa się jednostka rezystancji w układzie SI?Om
73%
11P=1/2(a+b)*h to wzór na pole powierzchni jakiej figury geometrycznej?Trapez
68%
19Jaką nazwę nosi stolica Chorwacji?Zagrzeb
67%
31Jaką nazwę nosi święta księga Islamu?Koran
64%
39Jaki język w Brazylii obowiązuje jako język urzędowy?Portugalski
64%
4Jaką nazwę nosi półwysep na którym znajdują się Włochy?Półwysep Apeniński
63%
47Jaką nazwę nosi jedyne na świecie państwo zaczynające się na literę "O"?Oman
62%
6Zapisz liczbę MMDCCXLVIII cyframi arabskimi.2748
61%
8Jakiej figury geometrycznej dotyczy wyżej wymienione twierdzenie?Trójkąt Prostokątny
56%
35Jaką nazwę nosi kraj który 17 lutego 2008 roku ogłosił swoją niepodległość od Serbii?Kosowo
55%
30Podaj pełną datę ataku terrorystycznego na World Trade Center.11 Września 2001 roku
54%
28Jaką nazwę nosi kanał oddzielający Amerykę Północną od Ameryki Południowej?Kanał Panamski
54%
49Jaką ogólną nazwę noszą komiksy z Japonii?Manga
53%
43Jakie imię nosił tytan, który według mitów skradł bogom ogień?Prometeusz
51%
27Jak nazywa się rzeka nad którą znajduje się Grudziądz?Wisła
50%
22Jakie nazwy noszą izby w polskim parlamencie?Sejm i Senat
49%
15Jak nazywamy proces fizyczny bezpośredniego przejścia ze stanu stałego w stan gazowy?Sublimacja
48%
13Jak nazywa się twórca twórca Requiem D-moll, jeden z klasyków wiedeńskich?Wolfgang Amadeusz Mozart
48%
45W deklinacji odpowiada na pytania o kim, o czym.Miejscownik
47%
26Jaki tytuł nosi hymn Francji?Marsylianka
44%
41Jak miał na imię brat Romulusa?Remus
43%
34Jaką nazwę nosi ulica na której znajduje się Sejm RP?Wiejska
43%
14W którym roku wybuchło Powstanie Listopadowe.1830
42%
48V=4/3πr^3 to wzór na objętość której bryły?Kula
41%
10DNA to skrótowa nazwa kwasu....Kwas deoksyrybonukleinowy
40%
16Jak po polsku brzmi nazwa organizacji NATO?Pakt Północnoatlantycki
40%
44CPU w komputerze to po prostu...Procesor
40%
21Wymień wszystkie kraje sąsiedzkie Lesotho.Republika Południowej Afryki
39%
20Jaką nazwę nosi zjawisko ścisłego współżycia przynajmniej dwóch gatunków organizmów, które przynosi korzyść każdej ze stron?Symbioza
37%
33Jaką nazwę nosi schorzenie potocznie nazywane "chorobą żeglarzy"?Szkorbut
33%
38Podaj imię i nazwisko dowódcy misji Apollo 11.Neil Armstrong
31%
24Jaką nazwę nosi park narodowy u granic Warszawy?Kampinoski Park Narodowy
28%
29Wielki Wóz to potoczna nazwa jakiego gwiazdozbioru?Wielka Niedźwiedzica
25%
18Jakie miasto w latach 1920-1939 pełniło funkcję stolicy Litwy?Kowno
24%
25Jaką nazwę nosi najwyższy szczyt Gór Świętokrzyskich?Łysica
22%
36Jakie państwo do niedawna było określane jako FYRM (BJRM)?Macedonia
21%
37W jakim mieście odbyły się letnie igrzyska olimpijskie w 2000 roku?Sydney
17%
40Jak brzmi obecna nazwa państwa Zair?Demokratyczna Republika Konga
14%
50Jaką potoczną nazwę nosi kwas butanowy?Kwas Masłowy
13%
9Pod względem metalicznym pierwiastki chemiczne możemy podzielić na:Metale, niemetale, półmetale
7%
32Płonica to inna nazwa jakiej choroby?Szkarlatyna
7%
42Podaj imię i nazwisko pisarza posługującego się pseudonimem Maurycy Zych.Stefan Żeromski
6%
46Jak nazywa się konstrukcja językowa, w której poszczególne wyrazy powtarzają swoje znaczenie?Tautologia
2%

Rozkład punktacji

Percentyl według liczby udzielonych odpowiedzi

Procent ludzi z każdym wynikiem

Twoja historia wyników

Nie rozwiązałeś tego quizu od ostatniego zresetowania